000 00866nam a2200253Ia 4500
003 OSt
005 20220930092411.0
006 a|||||r|||| 00| 0
007 ta
008 220926b |||||||| |||| 00| 0 eng d
024 _a20743
037 _cTheses
040 _aCRL
_cCRL
_beng
041 _2eng
_aeng
100 _aPrashant Kumar
_9519261
110 _aUniversity of Delhi. Faculty of Science. Department of Chemistry
245 0 _aStudies on the energy efficient and cost effective solution based synthesis of copper sulfides, iron sulfides and copper iron sulfides, their structure and some properties
260 _c2014
650 _aCHEMISTRY
700 _a Dr. S. Uma Gu.
_9541002
700 _aUniversity of Delhi. Faculty of Science. Department of Chemistry
942 _cDIS
_2CC
999 _c883715
_d883715